000 00343 a2200157 4500
001 75806
020 _a808073399
040 _cAnchieta - Colégio São Paulo
100 _aFurnari, Eva
240 1 0 _aOperação risoto
_lpor
245 1 0 _aOperação risoto
300 _a40
362 0 _a1999
650 4 _aLiteratura infantil
942 _cBK
999 _c75806
_d75806